MARC details
| 000 -CABECERA |
| campo de control de longitud fija |
01016cam a2200253 a 4500 |
| 001 - NÚMERO DE CONTROL |
| campo de control |
000026115 |
| 005 - FECHA Y HORA DE LA ÚLTIMA TRANSACCIÓN |
| campo de control |
20200930024320.0 |
| 008 - DATOS DE LONGITUD FIJA--INFORMACIÓN GENERAL |
| campo de control de longitud fija |
810327s1995 mx 000 p spa d |
| 040 ## - FUENTE DE LA CATALOGACIÓN |
| Centro catalogador/agencia de origen |
DO-SdBNP |
| Lengua de catalogación |
spa |
| Centro/agencia transcriptor |
BNPHU |
| 041 ## - CÓDIGO DE LENGUA |
| Código de lengua del texto/banda sonora o título independiente |
spa |
| Código de lengua original |
por |
| Fuente del código |
Código de idioma MARC |
| 082 ## - NÚMERO DE LA CLASIFICACIÓN DECIMAL DEWEY |
| Número de clasificación |
xxx |
| Número de documento/Ítem |
C837b |
| 049 ## - FONDOS LOCALES (OCLC) |
| Fondos de biblioteca |
BNGR |
| 100 0# - ENTRADA PRINCIPAL--NOMBRE DE PERSONA |
| Nombre de persona |
Costa, Emília Viotti da Costa, |
| 9 (RLIN) |
53063 |
| 240 #0 - TÍTULO UNIFORME |
| Título uniforme |
Da monarquia à república. |
| Lenguaje de la obra |
Español |
| 245 10 - MENCIÓN DE TÍTULO |
| Título |
Brasil : |
| Resto del título |
de la monarquía a la república / |
| Mención de responsabilidad, etc. |
Emília Viotti da Costa; traducción el portugués Marisela Colín, traducción del inglés Cecilia Olivares. |
| 260 ## - PUBLICACIÓN, DISTRIBUCIÓN, ETC. |
| Lugar de publicación, distribución, etc. |
México, D. F. : |
| Nombre del editor, distribuidor, etc. |
Consejo Nacional para la Cultura y las Artes, |
| Fecha de publicación, distribución, etc. |
1995. |
| 300 ## - DESCRIPCIÓN FÍSICA |
| Extensión |
386 p. ; |
| Dimensiones |
21 cm. |
| 490 1# - MENCIÓN DE SERIE |
| Mención de serie |
Claves de America Latina. |
| 534 ## - NOTA SOBRE LA VERSIÓN ORIGINAL |
| Encabezamiento principal del original |
Título original : |
| -- |
Da monarquia à república. |
| 500 ## - NOTA GENERAL |
| Nota general |
Incluye referencia bibliográficas al pie de las páginas |
| 700 1# - PUNTO DE ACCESO ADICIONAL--NOMBRE DE PERSONA |
| Nombre de persona |
Colín, Marisela, |
| Término indicativo de función/relación |
tr. |
| 9 (RLIN) |
53064 |
| 700 1# - PUNTO DE ACCESO ADICIONAL--NOMBRE DE PERSONA |
| Nombre de persona |
Olivares, Cecilia, |
| Término indicativo de función/relación |
tr. |
| 9 (RLIN) |
53065 |
| 830 #0 - PUNTO DE ACCESO ADICIONAL DE SERIE-TÍTULO UNIFORME |
| Título uniforme |
Claves de America Latina. |
| 9 (RLIN) |
32587 |